Transakcie vylúčené z pôsobnosti IFRS 3 Podnikové kombinácie a ich účtovné riešenie podľa IFRS diplomová práca

Guardado en:
Detalles Bibliográficos
Autor principal: Hlbocký, Ivan
Autor Corporativo: Fakulta hospodárskej informatiky EU. Katedra účtovníctva a audítorstva
Otros Autores: Hornická, Renáta, 1977-
Formato: Libro
Lenguaje:eslovaco
Publicado: Bratislava 2023
Etiquetas: Agregar Etiqueta
Sin Etiquetas, Sea el primero en etiquetar este registro!

MARC

LEADER 00000nbm a2200000 4500
001 0294122
005 20240209093812.3
041 0 |a slo 
044 |a SK 
245 1 0 |a Transakcie vylúčené z pôsobnosti IFRS 3 Podnikové kombinácie a ich účtovné riešenie podľa IFRS  |b diplomová práca  |c Ivan Hlbocký ; školiteľ: Renáta Hornická 
264 1 |a Bratislava  |c 2023 
300 |a 66 s. 
100 1 |a Hlbocký, Ivan 
700 1 |a Hornická, Renáta, 1977- 
710 2 |a Fakulta hospodárskej informatiky EU. Katedra účtovníctva a audítorstva